Statistics for Can you list Christian Bale's filmography

Click here to take the quiz!

General Stats

  • This quiz has been taken 22 times
  • The average score is 26 of 42

Answer Stats

YearRoleAnswer% Correct
2000Patrick BatemanAmerican Psycho
100%
2005Bruce Wayne / BatmanBatman Begins
100%
2008Bruce Wayne / BatmanThe Dark Knight
100%
2012Bruce Wayne / BatmanThe Dark Knight Rises
92%
2018Dick CheneyVice
92%
2013Irving RosenfeldAmerican Hustle
83%
1987Jim GrahamEmpire of the Sun
83%
2015Michael BurryThe Big Short
83%
2010Dicky EklundThe Fighter
83%
2006Alfred Borden / FallonThe Prestige
83%
2019Ken MilesFord v Ferrari
75%
1994Theodore "Laurie" LaurenceLittle Women
67%
1992Jack KellyNewsies
67%
2002Quinn AbercrombyReign of Fire
67%
2009John ConnorTerminator Salvation
67%
2004Trevor ReznikThe Machinist
67%
2007Dan Evans3:10 to Yuma
58%
2002John PrestonEquilibrium
58%
2017Captain Joseph J. BlockerHostiles
58%
2013Russell BazeOut of the Furnace
58%
1993Thomas BergerSwing Kids
58%
1998Arthur StewartVelvet Goldmine
58%
1999DemetriusA Midsummer Night's Dream
50%
2005John RolfeA New World
50%
2001MandrasCaptain Corelli's Mandolin
50%
2014MosesExodus: Gods and Kings
50%
2005Jim DavisHarsh Times
50%
1989Falstaff's BoyHenry V
50%
2002SamLaurel Canyon
50%
2009Melvin PurvisPublic Enemies
50%
2006Dieter DenglerRescue Dawn
50%
2000Walter Wade Jr.Shaft
50%
2011John MillerThe Flowers of War
50%
1996Edward RosierThe Portrait of a Lady
50%
1998Bobby PlattAll the Little Animals
42%
2007Jack Rollins / Pastor JohnI'm Not There
42%
2015RickKnight of Cups
42%
1987Yum YumMio in the Land of Faraway
42%
1994Prince AmledPrince of Jutland
42%
2016Christopher "Chris" MyersThe Promise
42%
1997Chris LloydMetroland
33%
1996StevieThe Secret Agent
33%

Score Distribution

Percentile by Number Answered

Percent of People with Each Score

Your Score History

You have not taken this quiz